J.B.Kripalani / (Record no. 102450)

MARC details
000 -LEADER
fixed length control field 01030nam a22002657a 4500
005 - DATE AND TIME OF LATEST TRANSACTION
control field 20180223110922.0
010 ## - LCCN (DPL NO)
LC control number 1617EN ENG-117154 B-663776
020 ## - INTERNATIONAL STANDARD BOOK NUMBER
International Standard Book Number 9788131105108
Terms of availability 1395.00
035 ## - SYSTEM CONTROL NUMBER
System control number EN-100686
035 ## - SYSTEM CONTROL NUMBER
System control number B-647822-826
035 ## - SYSTEM CONTROL NUMBER
System control number B-663776
037 ## - SOURCE OF ACQUISITION
Stock number dpl
Source of stock number/acquisition RHSP
037 ## - SOURCE OF ACQUISITION
Source of stock number/acquisition DBAD/PUB
082 ## - DEWEY DECIMAL CLASSIFICATION NUMBER
Classification number 921
245 ## - TITLE STATEMENT
Title J.B.Kripalani /
Statement of responsibility, etc edited by Shiv Gajrani [and] S. Ram
260 ## - PUBLICATION, DISTRIBUTION, ETC. (IMPRINT)
Place of publication, distribution, etc New Delhi
Name of publisher, distributor, etc Commonwealth Pub.
Date of publication, distribution, etc 2015
270 ## - ADDRESS
Address 4831/24, Prahlad Street, Ansari Road, Darya Ganj,
City New Delhi
Postal code 110002
300 ## - PHYSICAL DESCRIPTION
Extent 344p.
Dimensions 23cm(Hb)
500 ## - GENERAL NOTE
General note Includes index
700 ## - ADDED ENTRY--PERSONAL NAME
Personal name Gajrani, Shiv
700 ## - ADDED ENTRY--PERSONAL NAME
Personal name Ram, S.
942 ## - ADDED ENTRY ELEMENTS (KOHA)
Source of classification or shelving scheme Dewey Decimal Classification
Item type English Books
Call number suffix KRI
Classification part 921
Holdings
Withdrawn status Lost status Not for loan Collection code Home library Current library Date acquired Source of acquisition Cost, normal purchase price Full call number Barcode Copy number Cost, replacement price Koha item type
      Non-fiction Ashok Vihar Ashok Vihar 23/02/2018 RHSP/BL1786/17/20.02.17/470/15.02.17/01.03.17 1395.00 921 KRI B-663776 1 1395.00 English Books
      Non-fiction Central Library Central Library 28/03/2017 BPPD/EN/2016-17/304/24.11.2016/1764/16/7.12.2016/2.1.2017 1395.00 921 KRI B-647822 1 1395.00 English Books
      Non-fiction Janak Puri Janak Puri 28/03/2017 BPPD/EN/2016-17/304/24.11.2016/1764/16/7.12.2016/2.1.2017 1395.00 921 KRI B-647825 1 1395.00 English Books
      Non-fiction Kasturba Gandhi Marg Kasturba Gandhi Marg 28/03/2017 BPPD/EN/2016-17/304/24.11.2016/1764/16/7.12.2016/2.1.2017 1395.00 921 KRI B-647824 1 1395.00 English Books
      Non-fiction Patel Nagar Patel Nagar 28/03/2017 BPPD/EN/2016-17/304/24.11.2016/1764/16/7.12.2016/2.1.2017 1395.00 921 KRI B-647823 1 1395.00 English Books
      Non-fiction Shahdara Branch Shahdara Branch 24/01/2017 DBAD/PUB 1395.00 921 KRI EN-100686 1 1395.00 English Books
      Non-fiction Shahdara Branch Shahdara Branch 28/03/2017 BPPD/EN/2016-17/304/24.11.2016/1764/16/7.12.2016/2.1.2017 1395.00 921 KRI B-647826 1 1395.00 English Books

© Delhi Public Library
Hit Counter
free hit counter